000 01900cam a22004092 4500
001 0000025390
005 20151217154530.0
008 150828s xx 000 0 eng d
020 _a9966723757 :
040 _aKABU
_cKABU
100 1 _aMusa, Ssekaana.
_@0000177853
245 1 0 _aPublic law in East Africa /
_cSsekaana Musa.
260 _aNairobi :
_bLawAfrica Publishing,
_c2010.
300 _axlvii, 285 p.
650 0 _aPublic Law
_zAfrica, East.
_@0000177854
852 1 _9p2500 KES
852 1 _9p2500 KES
852 1 _9p2500 KES
852 1 _9p2500 KES
852 1 _9p2500 KES
852 1 _9p2500 KES
852 1 _9p2500 KES
852 1 _9p2500 KES
852 1 _9p2500 KES
852 1 _9p2500 KES
852 1 _9p2500 KES
852 1 _9p2500 KES
852 1 _9p2500 KES
852 1 _9p2500 KES
852 1 _9p2500 KES
852 1 _9p2500 KES
852 1 _9p2500 KES
852 1 _9p2500 KES
852 1 _9p2500 KES
908 _a150828
950 _@1
999 _c11680
_d11680